[Event "Hannover Bezirk-ch C"]
[Site "Hannover"]
[Date "2018.10.05"]
[Round "4.8"]
[White "Sokor, Martin"]
[Black "Brueckner, Michael"]
[Result "1/2-1/2"]
[WhiteElo "1237"]
[BlackElo "1324"]
[PlyCount "75"]
[EventDate "2018.10.04"]
[EventType "swiss"]
[EventRounds "7"]
[EventCountry "GER"]
[SourceTitle "EXT 2022"]
[Source "ChessBase"]
[SourceDate "2021.10.06"]
[SourceVersion "1"]
[SourceVersionDate "2021.10.06"]
[SourceQuality "1"]

1. d4 d5 2. Nf3 Bg4 3. e3 Nf6 4. Be2 Nbd7 5. 0-0 e6 6. Nc3 Bb4 7. a3 Bd6 8. Ng5 Bxe2 9. Qxe2 h6 10. Nf3 c6 11. e4 dxe4 12. Nxe4 Nxe4 13. Qxe4 Nf6 14. Qe2 Qc7 15. Re1 0-0-0 16. g3 g5 17. Ne5 Bxe5 18. Qxe5 Qxe5 19. dxe5 Nd7 20. b4 Rhg8 21. Bb2 Nb6 22. Rad1 Rd5 23. Rd4 Rgd8 24. c3 a6 25. f4 gxf4 26. gxf4 Rg8+ 27. Kh1 Rxd4 28. cxd4 Nd5 29. Rg1 Rxg1+ 30. Kxg1 Nxf4 31. Kf1 h5 32. Bc1 Ng6 33. Bg5 Kc7 34. Ke2 Kb6 35. a4 a5 36. Bd8+ Ka6 37. bxa5 Nf4+ 38. Ke3 1/2-1/2

[Event "Hannover Bezirk-ch C"]
[Site "Hannover"]
[Date "2018.10.04"]
[Round "2.9"]
[White "Sokor, Martin"]
[Black "Kappus, Joachim"]
[Result "1/2-1/2"]
[WhiteElo "1237"]
[BlackElo "1338"]
[PlyCount "67"]
[EventDate "2018.10.04"]
[EventType "swiss"]
[EventRounds "7"]
[EventCountry "GER"]
[SourceTitle "EXT 2022"]
[Source "ChessBase"]
[SourceDate "2021.10.06"]
[SourceVersion "1"]
[SourceVersionDate "2021.10.06"]
[SourceQuality "1"]

1. d4 d5 2. Nf3 Nf6 3. e3 Bf5 4. c4 dxc4 5. Bxc4 e6 6. Nc3 a6 7. 0-0 Be7 8. d5 b5 9. Bb3 c5 10. dxe6 Bxe6 11. Qxd8+ Bxd8 12. Bxe6 fxe6 13. Rd1 Bc7 14. Ng5 Ke7 15. b3 h6 16. Nf3 Nc6 17. a3 Rhd8 18. Bb2 g5 19. Rd2 Rxd2 20. Nxd2 Rd8 21. Nce4 Nd7 22. Bg7 Be5 23. Bxe5 Ncxe5 24. Rc1 Rc8 25. f4 gxf4 26. exf4 Nd3 27. Rf1 Rf8 28. g3 Rc8 29. Rf3 c4 30. bxc4 bxc4 31. Nb1 N7c5 32. Nbc3 Nxe4 33. Nxe4 Rd8 34. g4 1/2-1/2

[Event "Hannover-chA"]
[Site "Lehrte"]
[Date "2014.10.27"]
[Round "5"]
[White "Sokor, Martin"]
[Black "Glaschak, Joachim"]
[Result "1/2-1/2"]
[WhiteElo "1145"]
[BlackElo "1264"]
[PlyCount "72"]
[EventDate "2014.10.25"]
[EventType "swiss"]
[EventRounds "7"]
[EventCountry "GER"]
[SourceTitle "EXT 2021"]
[Source "ChessBase"]
[SourceDate "2020.10.23"]
[SourceVersion "1"]
[SourceVersionDate "2020.10.23"]
[SourceQuality "1"]

1. Nf3 d5 2. d4 Nf6 3. e3 e6 4. Bd3 Bd6 5. Nbd2 0-0 6. 0-0 Nbd7 7. c3 c6 8. e4 dxe4 9. Nxe4 Nxe4 10. Bxe4 f5 11. Bc2 Nf6 12. Ne5 Qc7 13. Bf4 Nd5 14. g3 Nxf4 15. gxf4 Bxe5 16. fxe5 Qf7 17. f4 b6 18. Bd3 Bb7 19. Be2 Qg6+ 20. Kh1 c5+ 21. Bf3 Bxf3+ 22. Qxf3 Qg4 23. Rf2 Qxf3+ 24. Rxf3 cxd4 25. cxd4 Rfd8 26. Rd3 Rac8 27. Rad1 Rd5 28. Rc3 Rxc3 29. bxc3 Ra5 30. Rd2 Rb5 31. c4 Rb1+ 32. Kg2 Rc1 33. d5 Rxc4 34. d6 Rc8 35. Kg3 Kf7 36. Kh4 g6 1/2-1/2

[Event "Hannover-chA"]
[Site "Lehrte"]
[Date "2014.10.26"]
[Round "4"]
[White "Malcharczyk, Lea"]
[Black "Sokor, Martin"]
[Result "0-1"]
[WhiteElo "791"]
[BlackElo "1145"]
[PlyCount "62"]
[EventDate "2014.10.25"]
[EventType "swiss"]
[EventRounds "7"]
[EventCountry "GER"]
[SourceTitle "EXT 2021"]
[Source "ChessBase"]
[SourceDate "2020.10.23"]
[SourceVersion "1"]
[SourceVersionDate "2020.10.23"]
[SourceQuality "1"]

1. b3 c6 2. c4 Nf6 3. Nc3 d5 4. Bb2 Bf5 5. d3 Bg6 6. Nf3 e6 7. g3 h6 8. Bg2 Nbd7 9. 0-0 Bd6 10. Qd2 0-0 11. Rae1 Qc7 12. e4 dxe4 13. dxe4 Rad8 14. Qe3 Qb6 15. Qxb6 axb6 16. e5 Bd3 17. Ne2 Bb4 18. Rd1 Bxe2 19. Rxd7 Nxd7 20. Rc1 Bxf3 21. Bxf3 Be7 22. Be4 f6 23. exf6 Nxf6 24. Bg6 Bc5 25. Bc3 Ng4 26. Be1 Bxf2+ 27. Bxf2 Nxf2 28. Kg2 Rd2 29. Ra1 Rd1 30. Rxd1 Nxd1 31. Kh3 Nc3 0-1